Popularne polskie piosenki w tym tygodniu. 25-31.12 Spotify - Statystyki

Ogólne statystyki
  • Ten quiz został rozwiązany 7 razy
  • Średni wynik to 12 z 30
Statystyki odpowiedzi
Wykonawca Odsłuchania Utwór % Poprawnych
Quebonafide, Daria Zawiałow 397K BUBBLETEA
71%
Reto 435K Billy Kid
57%
Guzior 761K BLUEBERRY
57%
Guzior feat. Oskar83 663K FALA
57%
Mata, Wyguś, Szczepan, Adam 274K GOMBAO 33
57%
Sobel 415K Impreza
57%
Kabe 365K Nad ranem
57%
Mata 250K Schodki
57%
Sanah 299K Szampan
57%
Wiatr, Sobel, Be Vis 499K Testarossa
57%
Żabson, Young Leosia, Beteo, Borucci 282K ULALA
57%
SB Maffija 232K A nie pamiętasz jak?
43%
Alberto 293K Dwutakt
43%
Favst, Gibbs, Kukon 287K halo
43%
Wac Toja 260K Kapitan
43%
Taco Hemingway 307K Polskie Tango
43%
Quebonafide, Forxst 434K TEEN KASIA
43%
Żabson, Mata 238K Aromatyczne Przyprawy
29%
Bedoes, Lanek 358K Chrome Hearts /
29%
Białas, Mata 235K Drift
29%
Kizo, Trill Pem 308K Fitness
29%
Pezet, Kayah 229K Nisko jest niebo
29%
Kukon, Quebonafide 382K Piję wódę i słucham Ich Troje
29%
Quebonafide, Taco Hemingway 267K TOKYO2020
29%
Guzior 379K TRAPSTAR
29%
Bedoes, Lanek 235K VOGUE
29%
chillwagon 266K jeden jeden
14%
Guzior 238K KUSHKOMA
14%
Quebonafide, Mick Jenkins 362K MATCHA LATTE
14%
Żabson, Vladimir Cauchemar 243K OBOK
0%
Nie znaleziono quizów pasujących do podanych kryteriów
Rozkład punktacji
Procent ludzi z każdym wynikiem
Percentyl według liczby udzielonych odpowiedzi
Twoja historia wyników
Nie rozwiązałeś tego quizu